000
00306nam a22001457a 4500
008
210310b ||||| |||| 00| 0 eng d
020
_a
0121820866
041
_a
eng
080
_a
61
082
_a
61
100
_a
3
101
_a
SHM
245
_a
Methods in Enzymology
_c
Goeddel,V.D
942
_2
udc
_c
BK
999
_c
56189
_d
56189